Applied physics / (Record no. 492)

MARC details
000 -LEADER
fixed length control field 00673nam a22002297a 4500
005 - DATE AND TIME OF LATEST TRANSACTION
control field 20250420134812.0
008 - FIXED-LENGTH DATA ELEMENTS--GENERAL INFORMATION
fixed length control field 200726b ||||| |||| 00| 0 eng d
020 ## - INTERNATIONAL STANDARD BOOK NUMBER
International Standard Book Number 9788173717734
040 ## - CATALOGING SOURCE
Transcribing agency KCST
082 ## - DEWEY DECIMAL CLASSIFICATION NUMBER
Classification number 621
Item number Ja Ap
100 ## - MAIN ENTRY--PERSONAL NAME
Personal name Jain, Sanjay D
9 (RLIN) 4694
245 ## - TITLE STATEMENT
Title Applied physics /
Statement of responsibility, etc. Sanjay D Jain, Girish G Sahasrabudhe and Sunil M Pande.
260 ## - PUBLICATION, DISTRIBUTION, ETC.
Place of publication, distribution, etc. Hyderabad :
Name of publisher, distributor, etc. Universities Press,
Date of publication, distribution, etc. 2013.
300 ## - PHYSICAL DESCRIPTION
Extent viii, 352 pages :
Other physical details illu. ;
Dimensions 24 cm
650 ## - SUBJECT ADDED ENTRY--TOPICAL TERM
Topical term or geographic name entry element Physics.
9 (RLIN) 3
650 ## - SUBJECT ADDED ENTRY--TOPICAL TERM
Topical term or geographic name entry element Polarisation.
9 (RLIN) 4695
650 ## - SUBJECT ADDED ENTRY--TOPICAL TERM
Topical term or geographic name entry element Quantum theory.
9 (RLIN) 358
700 ## - ADDED ENTRY--PERSONAL NAME
Personal name Sahasrabudhe, Girish G
9 (RLIN) 4696
700 ## - ADDED ENTRY--PERSONAL NAME
Personal name Pande, Sunil M
9 (RLIN) 4697
942 ## - ADDED ENTRY ELEMENTS (KOHA)
Koha item type Book
942 ## - ADDED ENTRY ELEMENTS (KOHA)
Source of classification or shelving scheme Dewey Decimal Classification
Holdings
Withdrawn status Lost status Source of classification or shelving scheme Damaged status Not for loan Home library Current library Date acquired Cost, normal purchase price Total checkouts Full call number Barcode Date last seen Price effective from Koha item type
    Dewey Decimal Classification     KCST Library KCST Library 26/07/2020 5.48   621 Ja Ap 1000000728 26/07/2020 26/07/2020 Book
© 2025 KCST. All rights reserved